000 00574nam a2200181Ia 4500
001 2792
005 20260306144833.0
008 260306t2013||||xx |||||||||||||| ||spa||
041 _aESP
082 _a230
_bR27 T. 2
100 _aRatzinger, Joseph
_eAUT
245 0 _aObras completas II. Comprensión de la revelación y teología de la historia de San Buenaventura:
_btexto íntegro de la habilitación y otros estudios sobre san Buenaventura
260 _c2013
300 _axlv, 565 páginas :
_c24 cm.
650 _aGEN
654 _aCHU
942 _cLIB
_dJUS
_fJUS
_2ddc
_n
999 _c2792
_d2792